Flags of British Territitories - Statistics

General Stats
  • This quiz has been taken 585 times
  • The average score is 8 of 16
Answer Stats
Hint Answer % Correct
Gibraltar
85%
Bermuda
77%
British Virgin Islands
75%
Falkland Islands
72%
Anguilla
61%
Cayman Islands
55%
Montserrat
54%
Turks and Caicos
49%
Pitcairn Islands
48%
British Indian Ocean Territory
40%
Saint Helena
39%
British Antarctic Territory
38%
Tristan da Cunha
31%
Ascension Island
23%
South Georgia and the South Sandwich Islands
19%
Akrotiri and Dhekelia
14%
No matching quizzes found
Score Distribution
Percent of People with Each Score
Percentile by Number Answered
Your Score History
You have not taken this quiz